[Event "GER-ch U08"]
[Site "Willingen"]
[Date "2023.05.31"]
[Round "1"]
[White "Hornych, Fridtjof"]
[Black "Pragatheswarakumar, Krish Keerthan"]
[Result "0-1"]
[WhiteElo "963"]
[BlackElo "1152"]
[PlyCount "86"]
[EventDate "2023.05.30"]
[EventType "swiss"]
[EventRounds "7"]
[EventCountry "GER"]
[SourceTitle "CBM 214 Extra"]
[Source "ChessBase"]
[SourceDate "2023.07.31"]
[SourceVersion "1"]
[SourceVersionDate "2023.07.31"]
[SourceQuality "1"]

1. e4 e5 2. Nf3 Nc6 3. Bb5 a6 4. Bxc6 dxc6 5. 0-0 Bd6 6. Nc3 Nf6 7. d3 0-0 8. Bg5 h6 9. Bh4 Bg4 10. h3 Be6 11. d4 exd4 12. Qxd4 Be7 13. Qxd8 Bxd8 14. Rad1 Re8 15. Rfe1 Be7 16. e5 Nd5 17. Nxd5 Bxd5 18. Bxe7 Rxe7 19. a3 Rae8 20. Rd3 Bxf3 21. Rxf3 Rxe5 22. Rd1 Re1+ 23. Rxe1 Rxe1+ 24. Kh2 Re2 25. Rb3 b6 26. Rc3 c5 27. f3 Kf8 28. b4 Re5 29. bxc5 Rxc5 30. Rxc5 bxc5 31. Kg3 Ke7 32. Kf4 Ke6 33. Ke4 Kd6 34. Kd3 Kd5 35. Kc3 c4 36. Kb4 Kd4 37. c3+ Kd3 38. f4 a5+ 39. Kc5 Kxc3 40. Kd5 Kd3 41. g4 c3 42. g5 c2 43. gxh6 gxh6 0-1